MLB Home Run Leaders 2024 - Statistics

General Stats
  • This quiz has been taken 128 times
  • The average score is 13 of 15
Answer Stats
HR Team Player % Correct
58 Yankees Aaron Judge
100%
54 Dodgers Shohei Ohtani
98%
37 Orioles Gunnar Henderson
93%
39 Guardians Jose Ramirez
93%
34 Mets Pete Alonso
93%
38 Phillies Kyle Schwarber
91%
35 Astros Yordan Alvarez
91%
44 Orioles Anthony Santander
88%
33 Mets Francisco Lindor
88%
41 Yankees Juan Soto
88%
36 Diamondbacks Ketel Marte
88%
39 A's Brent Rooker
86%
39 Braves Marcell Ozuna
83%
33 Dodgers Teoscar Hernandez
76%
34 Mariners Cal Raleigh
75%
No matching quizzes found
Score Distribution
Percent of People with Each Score
Percentile by Number Answered
Your Score History
You have not taken this quiz